[Event "AUTO-OPEN-2864"]
[Site "http://www.queenalice.com/game.php?id=1131030"]
[Date "2012.12.13"]
[Round "1"]
[White "Belbo"]
[Black "rickster"]
[Result "1-0"]
[WhiteElo "2103"]
[BlackElo "1361"]

1. e4 g6 2. d4 d6 3. Nc3 e5 4. dxe5 Na6 5. Bf4 g5 6. Bg3 Nc5 7. Qd4 b6 8. O-O-O
Bg7 9. Qd5 Rb8 10. Bb5+ Bd7 11. exd6 Nf6 12. Qe5+ Qe7 13. Qxe7# 1-0

[Event "AUTO-OPEN-2864"]
[Site "http://www.queenalice.com/game.php?id=1131031"]
[Date "2012.12.13"]
[Round "1"]
[White "rickster"]
[Black "Belbo"]
[Result "1-0"]
[WhiteElo "1373"]
[BlackElo "1996"]

1. b3 d5 2. Nf3 c5 3. d4 cxd4 4. Nxd4 e5 5. Nb5 Qa5+ 6. N1c3 d4 7. Qd2 dxc3 8.
Nxc3 Bb4 9. Bb2 Nf6 10. e4 Nxe4 11. Bb5+ Qxb5 12. Qe3 Nxc3 13. Bxc3 Bxc3+ 14.
Qxc3 1-0

[Event "AUTO-INT-2509"]
[Site "http://www.queenalice.com/game.php?id=1131140"]
[Date "2012.12.14"]
[Round "1"]
[White "rickster"]
[Black "jajerduco"]
[Result "0-1"]
[WhiteElo "1375"]
[BlackElo "1691"]

1. g3 g6 2. d4 d5 3. c3 Nf6 4. Nd2 Bg7 5. Ndf3 O-O 6. Ne5 Be6 7. Ngf3 Nbd7 8.
Ng5 Ng4 9. Bh3 Ngxe5 10. Nxe6 fxe6 11. dxe5 Nxe5 12. Bxe6+ Kh8 13. Qxd5 Qxd5 14.
Bxd5 c6 15. Be6 Ng4 16. Bxg4 Rf6 17. Bg5 Rf7 0-1

[Event "AUTO-INT-2509"]
[Site "http://www.queenalice.com/game.php?id=1131141"]
[Date "2012.12.14"]
[Round "1"]
[White "jajerduco"]
[Black "rickster"]
[Result "1-0"]
[WhiteElo "1687"]
[BlackElo "1379"]

1. b4 e6 2. a3 b6 3. Nf3 Nc6 4. g3 g6 5. Bb2 e5 6. e4 Nf6 7. Nc3 Bh6 8. Bg2 d5
9. d3 Ng4 10. Nxd5 O-O 11. O-O Ne3 12. Nxe3 a5 13. b5 Nd4 14. Bxd4 exd4 15. Nd5
Re8 16. Nxd4 Re5 17. Nc6 Qd6 18. Nxe5 1-0

[Event "AUTO-INT-2963"]
[Site "http://www.queenalice.com/game.php?id=1343693"]
[Date "2015.2.24"]
[Round "1"]
[White "rickster"]
[Black "daniel0176"]
[Result "0-1"]
[WhiteElo "1397"]
[BlackElo "1715"]

1. b3 d5 2. e3 Nf6 3. Nf3 h6 4. Bb2 Ne4 5. Qe2 Nc6 6. d3 Nf6 7. h4 e5 8. Nxe5
Nxe5 9. Bxe5 Be7 10. Nc3 O-O 11. Rh3 Bxh3 12. gxh3 c5 13. Qf3 Rc8 14. Nxd5 Nxd5
15. d4 cxd4 16. Qg4 Bf6 17. exd4 Re8 18. O-O-O Nc3 19. Rd3 Nxa2+ 20. Kb2 Bxe5
21. Kxa2 Rxc2+ 22. Kb1 Qc7 23. dxe5 Rc1+ 24. Kb2 Qc2+ 25. Ka3 Ra1+ 26. Kb4 a5+
27. Kb5 Qc6# 0-1

[Event "AUTO-INT-2963"]
[Site "http://www.queenalice.com/game.php?id=1343694"]
[Date "2015.2.24"]
[Round "1"]
[White "daniel0176"]
[Black "rickster"]
[Result "1-0"]
[WhiteElo "1754"]
[BlackElo "1345"]

1. e4 g6 2. d4 e6 3. Nf3 Nc6 4. a3 h5 5. Nc3 b6 6. Bb5 Rb8 7. Bxc6 dxc6 8. O-O
b5 9. b4 h4 10. Bg5 f6 11. Bxh4 e5 12. Qe2 exd4 13. Rad1 g5 14. Bg3 dxc3 15.
Rxd8+ Kxd8 16. Rd1+ Ke8 17. e5 Ne7 18. exf6 Rh7 19. Nxg5 Rh6 20. f7# 1-0

[Event "AUTO-INT-2963"]
[Site "http://www.queenalice.com/game.php?id=1343695"]
[Date "2015.2.24"]
[Round "1"]
[White "rickster"]
[Black "Mariojose"]
[Result "0-1"]
[WhiteElo "1372"]
[BlackElo "1591"]

1. e3 e5 2. b3 Bb4 3. c3 Bd6 4. Bc4 Nf6 5. Nf3 h6 6. h4 Bc5 7. Nxe5 b6 8. Nxf7
Qe7 9. Nxh8 Qe4 10. Bf7+ Ke7 11. f3 Qh7 12. Ng6+ Kxf7 13. Ne5+ Ke8 14. Na3 Bd6
15. Nac4 Ba6 16. Rh3 Nc6 17. f4 b5 18. Nxd6+ cxd6 19. Nxc6 dxc6 20. Qf3 Bb7 21.
Ba3 Rd8 22. f5 Rd7 23. e4 c5 24. O-O-O Bxe4 25. Qe3 Qxf5 26. h5 Nd5 27. Qg3 Kf8
28. d3 Qf4+ 29. Qxf4+ Nxf4 30. Re3 Nxd3+ 31. Kd2 Nf2 32. Rf1 Rf7 33. b4 Bxg2 34.
Rg1 Bd5 35. bxc5 Ne4+ 36. Rxe4 Bxe4 37. cxd6 Rd7 38. Rf1+ Kg8 39. Re1 Bf3 40.
Re8+ Kh7 41. Ke3 Bc6 42. Bc5 Rxd6 43. Bxd6 Bxe8 44. Kd4 Bxh5 45. Kc5 Be2 46. Bb8
g5 47. Kd4 Kg6 48. Bd6 Kf5 49. Bc5 a6 50. a3 g4 51. Kd5 h5 52. Bf2 a5 53. Bc5 h4
54. Bb6 Kf4 0-1

[Event "AUTO-INT-2963"]
[Site "http://www.queenalice.com/game.php?id=1343696"]
[Date "2015.2.24"]
[Round "1"]
[White "Mariojose"]
[Black "rickster"]
[Result "1-0"]
[WhiteElo "1616"]
[BlackElo "1343"]

1. e4 b6 2. d4 e6 3. Nc3 Na6 4. Nb5 Bb7 5. e5 Nb4 6. Nf3 a6 7. Nc3 g6 8. Bc4 b5
9. Bd3 Nxd3+ 10. Qxd3 b4 11. Ne4 Nf6 12. Nxf6+ Ke7 13. Bg5 Bg7 14. Ng8+ Ke8 15.
Bxd8 Rxd8 16. Qc4 Rc8 17. Nf6+ Kf8 18. Nxd7+ Ke8 19. Nc5 Bc6 20. Nxa6 Kd7 21.
Qxb4 h6 22. Nb8+ Rxb8 23. Qc3 Be4 24. O-O-O Ra8 25. a3 Rhb8 26. Rhe1 Bc6 27. b4
Rb7 28. Kb2 f6 29. d5 exd5 30. exf6 Bxf6 31. Qxf6 g5 32. Re7+ Kd8 33. Qf8+ Be8
34. Qxe8# 1-0

[Event "AUTO-INT-3909"]
[Site "http://www.queenalice.com/game.php?id=1850096"]
[Date "2025.1.10"]
[Round "1"]
[White "rickster"]
[Black "MMA34"]
[Result "0-1"]
[WhiteElo "1363"]
[BlackElo "1816"]

1. g3 e5 2. Nf3 Nc6 3. b3 d5 4. Bg2 Nf6 5. Ba3 Bxa3 6. Nxa3 a6 7. Ng5 h6 8. Nf3
e4 9. Nh4 Be6 10. d3 Qd6 11. c4 Qxa3 12. f4 Qb4+ 13. Kf1 exd3 14. Qxd3 Rd8 15.
a3 Qd6 16. f5 Bd7 17. cxd5 Ne5 18. Qe3 O-O 19. b4 Rfe8 20. Rc1 Neg4 21. Qd4 Ne3+
22. Ke1 Nxg2+ 23. Nxg2 Qxd5 24. Rd1 Qxg2 25. Rg1 Qc6 26. e3 Bxf5 27. Qh4 Rxd1+
0-1

[Event "AUTO-INT-3909"]
[Site "http://www.queenalice.com/game.php?id=1850097"]
[Date "2025.1.10"]
[Round "1"]
[White "MMA34"]
[Black "rickster"]
[Result "1-0"]
[WhiteElo "1814"]
[BlackElo "1365"]

1. e4 d6 2. d4 g5 3. Bxg5 c5 4. dxc5 Qa5+ 5. c3 Bh6 6. Bd2 dxc5 7. f4 Nf6 8. c4
Qb6 9. Bc3 Nbd7 10. Qf3 Qc6 11. Bd3 b5 12. cxb5 Qd6 13. e5 Qb8 14. exf6 Nxf6 15.
Nh3 Rg8 16. Na3 Bb7 17. Qe2 Bxg2 18. Rg1 Bxh3 19. Rxg8+ Nxg8 20. Qf3 Bd7 21.
Bxh7 Nf6 22. Bxf6 exf6 23. Qe4+ Kd8 24. Rd1 Bxf4 25. Bf5 Qc7 26. Rxd7+ Qxd7 27.
Bxd7 Kxd7 28. Qxf4 1-0

[Event "AUTO-INT-3909"]
[Site "http://www.queenalice.com/game.php?id=1850098"]
[Date "2025.1.10"]
[Round "1"]
[White "rickster"]
[Black "juim"]
[Result "0-1"]
[WhiteElo "1361"]
[BlackElo "1570"]

1. g4 d5 2. Nc3 e6 3. e4 d4 4. Nb5 e5 5. Nf3 c6 6. Na3 Bxa3 7. bxa3 Bxg4 8. h3
Bh5 9. Rb1 b5 10. Nxe5 Bxd1 11. Kxd1 Nd7 12. Nxc6 Qb6 13. Nb4 a5 14. Nd5 Qc5 15.
Rxb5 Qd6 16. Bb2 Ne7 17. c4 O-O 18. Bxd4 Qxa3 0-1

[Event "AUTO-INT-3909"]
[Site "http://www.queenalice.com/game.php?id=1850099"]
[Date "2025.1.10"]
[Round "1"]
[White "juim"]
[Black "rickster"]
[Result "1-0"]
[WhiteElo "1578"]
[BlackElo "1353"]

1. e4 b6 2. d4 Nc6 3. d5 Ne5 4. Nf3 d6 5. Be2 g6 6. O-O Bg7 7. Nxe5 Bxe5 8. Be3
Nf6 9. Nc3 c5 10. Bb5+ Bd7 11. Bxd7+ Qxd7 12. Qd3 Ng4 13. g3 Nf6 14. Bg5 Ng4 15.
f3 Nf6 16. f4 Qg4 17. Qf3 h6 18. Bxf6 1-0

[Event "AUTO-INT-3909"]
[Site "http://www.queenalice.com/game.php?id=1850100"]
[Date "2025.1.10"]
[Round "1"]
[White "rickster"]
[Black "hjs50667"]
[Result "0-1"]
[WhiteElo "1346"]
[BlackElo "1960"]

1. g4 d5 2. b3 Bxg4 3. Bh3 Nf6 4. f3 Bxh3 5. Nxh3 e5 6. Rg1 c5 7. d3 Nc6 8. Nc3
g6 9. Bg5 Bg7 10. Nxd5 Qxd5 11. e4 Qd7 12. Nf2 O-O 13. c4 Rad8 14. Qc1 Nb4 15.
a3 Nxd3+ 16. Nxd3 Qxd3 17. b4 Qxf3 18. Rf1 Qxe4+ 19. Qe3 Qxe3+ 20. Bxe3 Ng4 21.
Bxc5 Rfe8 22. h3 e4 0-1

[Event "AUTO-INT-3909"]
[Site "http://www.queenalice.com/game.php?id=1850101"]
[Date "2025.1.10"]
[Round "1"]
[White "hjs50667"]
[Black "rickster"]
[Result "1-0"]
[WhiteElo "1962"]
[BlackElo "1344"]

1. d4 g6 2. c4 d5 3. Nc3 c6 4. cxd5 Qa5 5. dxc6 Nxc6 6. Nf3 Bg7 7. e3 Bd7 8. Be2
Nf6 9. O-O O-O 10. Bd2 Rac8 11. Ne4 Nxe4 12. Bxa5 Nxa5 13. Rc1 Nc6 14. Qb3 Rb8
15. Qd5 Bf5 16. Qb3 Na5 17. Qa4 b6 18. b4 Nd2 19. Nxd2 e6 20. bxa5 Rfd8 21. axb6
Rxb6 22. g4 1-0